| 000 | 00678nam a22002177a 4500 | ||
|---|---|---|---|
| 001 | 884 | ||
| 003 | UA-OsUOA | ||
| 005 | 20220626203346.0 | ||
| 007 | ta | ||
| 008 | 20050708b un ||||| |||| 00| 0 ukr d | ||
| 040 |
_aUA-OsUOA _brus _cUA-OsUOA _dUA-OsUOA |
||
| 041 | _arus | ||
| 080 | _a82.0(410+571+100) | ||
| 090 |
_a82.0(410+571+100) _bГ94 |
||
| 100 | _aГуляев Н. А. | ||
| 245 | _aЛитературные направления и методы в русской и зарубежной литературе 17-19 веков | ||
| 260 |
_aМ. _bПросвещение _c1983 |
||
| 650 | 7 |
_a1 Філософські науки _2UDC |
|
| 942 |
_cBK _2udc |
||
| 955 | _a2 | ||
| 999 |
_c287042 _d287042 |
||